000 00533nam a2200169Ia 4500
003 OSt
005 20210901125614.0
008 190216s9999||||xx |||||||||||||| ||und||
040 _coclc
082 _a297
_bALH/A
100 _aAl Hameedhi, Al Sheikh Sulaimanul Bin Mohammed
_98749
245 0 _aAl Rasahilul Arbaha /
_cAl Sheikh Sulaimanul Bin Mohammed Al Hameedhi
260 _bReligious Department State Of Qatar,
_aQatar,
300 _a158p
650 _aArabic
942 _cBK
_2ddc
_h297
_iALH/A
_k297
_mALH/A
999 _c336
_d336